WWE Fastlane PPV Title Winners - Statistics

General Stats
  • This quiz has been taken 21 times
  • The average score is 5 of 6
Answer Stats
Year Title Won Wrestler % Correct
2023 Undisputed WWE Tag Team Cody Rhodes
100%
2023 Undisputed WWE Tag Team Jey Uso
100%
2017 Universal Goldberg
93%
2018 United States Randy Orton
93%
2015 WWE Tag Team Cesaro
80%
2015 WWE Tag Team Tyson Kidd
80%
No matching quizzes found
Score Distribution
Percent of People with Each Score
Percentile by Number Answered
Your Score History
You have not taken this quiz